000 00252nam a22001217a 4500
008 170425b xxu||||| |||| 00| 0 eng d
041 _aeng
080 _23 ED
_a54
100 _a12
101 _aSHM
245 _aCHEMISTRY
_cCHANG.W
942 _2udc
_cBK
999 _c11906
_d11906